<?xml version="1.0" encoding="UTF-8"?>
<record
    xmlns:xsi="http://www.w3.org/2001/XMLSchema-instance"
    xsi:schemaLocation="http://www.loc.gov/MARC21/slim http://www.loc.gov/standards/marcxml/schema/MARC21slim.xsd"
    xmlns="http://www.loc.gov/MARC21/slim">

  <leader>03186nam a2200265 i 4500</leader>
  <controlfield tag="003">DO-SdBNP</controlfield>
  <controlfield tag="005">20250909105639.0</controlfield>
  <controlfield tag="007">ta</controlfield>
  <controlfield tag="008">110413s2012    dr            000 0 spa d</controlfield>
  <datafield tag="040" ind1=" " ind2=" ">
    <subfield code="a">DO-SdBNP</subfield>
    <subfield code="b">spa</subfield>
    <subfield code="c">BNPHU</subfield>
    <subfield code="e">rda</subfield>
  </datafield>
  <datafield tag="082" ind1=" " ind2=" ">
    <subfield code="a">027.7293</subfield>
    <subfield code="b">R426m</subfield>
    <subfield code="2">22</subfield>
  </datafield>
  <datafield tag="110" ind1="2" ind2=" ">
    <subfield code="a">Archivo General de la Naci&#xF3;n (Rep&#xFA;blica Dominicana)</subfield>
    <subfield code="9">85400</subfield>
  </datafield>
  <datafield tag="245" ind1="1" ind2="0">
    <subfield code="a">Memoria de gesti&#xF3;n y resultados 2004-2012 /</subfield>
  </datafield>
  <datafield tag="264" ind1=" " ind2="1">
    <subfield code="a">Santo Domingo ;</subfield>
    <subfield code="b">Archivo General de la Naci&#xF3;n,</subfield>
    <subfield code="c">2012.</subfield>
  </datafield>
  <datafield tag="300" ind1=" " ind2=" ">
    <subfield code="a">86 p&#xE1;ginas : </subfield>
    <subfield code="b">fotograf&#xED;as ;</subfield>
    <subfield code="c">29 cm.</subfield>
  </datafield>
  <datafield tag="336" ind1=" " ind2=" ">
    <subfield code="a">texto</subfield>
    <subfield code="b">txt</subfield>
    <subfield code="2">rdacontent</subfield>
  </datafield>
  <datafield tag="337" ind1=" " ind2=" ">
    <subfield code="a">sin mediaci&#xF3;n </subfield>
    <subfield code="b">n</subfield>
    <subfield code="2">rdamedia</subfield>
  </datafield>
  <datafield tag="338" ind1=" " ind2=" ">
    <subfield code="a">volumen</subfield>
    <subfield code="b">nc</subfield>
    <subfield code="2">rdacarrier</subfield>
  </datafield>
  <datafield tag="505" ind1=" " ind2=" ">
    <subfield code="a">Estado del Archivo General de la Naci&#xF3;n en 2004, 9.-- Consideraciones de los historiadores, 9.-- Propuesta del Presidente Leonel Fern&#xE1;ndez, 9.-- Provisi&#xF3;n de recursos, 10.-- Medidas de emergencia, 11.-- Formulaci&#xF3;n del Primer Plan Trienal, 2005-2008, 12.-- Primeras asesor&#xED;as internacionales, 13.-- Inventario topogr&#xE1;fico, 13.-- Fondos en 2006, 14.-- Opci&#xF3;n por la digitalizaci&#xF3;n, 17.--Asesor&#xED;a de Vinfra S.A., 17.-- Plataforma inform&#xE1;tica y de digitalizaci&#xF3;n, 18.-- Programa Albal&#xE1;, 19.-- Incorporaci&#xF3;n de nuevos soportes documentales, 20.-- Formaci&#xF3;n de un archivo de voces, 24.-- Contratiempos y fortalecimiento de la asesor&#xED;a internacional, 25.-- Alianzas estrat&#xE9;gicas, 26.-- Reorganizaci&#xF3;n departamental, 27.-- Ley General de Archivos, 29.-- Los encuentros nacionales de archivos, 30.-- Capacitaci&#xF3;n archiv&#xED;stica, 31.-- Pagina web, 32.-- Culminaci&#xF3;n de la digitalizaci&#xF3;n, 33.-- Mejor&#xED;as de la sala de atenci&#xF3;n a usuarios, 35.-- Sistematizaci&#xF3;n de los instrumentos de referencias, 37.-- Ampliaci&#xF3;n de la biblioteca, 38.-- Equipamiento de seguridad, 38.-- Equipos ambientes, 39.-- Pol&#xED;tica de restauraci&#xF3;n de documentos, 40.-- Donaciones, 41.-- Digitalizaci&#xF3;n de documentos de otros archivos, 41.-- Tesauro, 43.-- Archivo central, 43.-- Transferencias documentales al AGN, 44.-- Certificaciones, 45.-- Tareas del departamento de investigaci&#xF3;n y sus publicaciones, 45.-- Investigaciones hist&#xF3;ricas, 47.-- Exposiciones, 47.-- Documentales audiovisuales, 48.-- Conferencias y programas de radio, 48.-- Reorientaci&#xF3;n de recursos humanos, 48.-- El Seguro Plan Trienal, 2009-2012, 49.-- Implementaci&#xF3;n del Sistema Nacional de Archivos (SNA), 51.-- Nave de Haina, 52.-- Terminaci&#xF3;n del edificio anexo, 53.-- Gestiones para la creaci&#xF3;n de archivos regionales, 54.-- Apoyo a Hait&#xED;, 54.-- Patronato, 55.-- Recientes productos archiv&#xED;sticos, 56.-- Sala de exposici&#xF3;n, 57.-- Biblioteca digital, 57.-- Documentos electr&#xF3;nicos, 58.-- Realizaciones pendientes y perspectivas a futuro, 59.-- Anexo 1. Cuadro de clasificaci&#xF3;n de fondos del AGN, 65.-- Anexo 2. Ponencias presentadas en los Encuentros Nacionales de Archivos, 74.-- Anexo 3. Relaci&#xF3;n de donantes, 77.-- Anexo 4. Relaci&#xF3;n de libros publicados, 79.-- Anexo 5. Resumen de la ejecuci&#xF3;n anual de gastos, 86.</subfield>
  </datafield>
  <datafield tag="590" ind1=" " ind2=" ">
    <subfield code="a">Inventariado, 2023/ DG</subfield>
  </datafield>
  <datafield tag="610" ind1="2" ind2="0">
    <subfield code="a">Archivo General de la Naci&#xF3;n (Rep&#xFA;blica Dominicana)</subfield>
    <subfield code="v">Memorias e informes</subfield>
    <subfield code="9">85400</subfield>
  </datafield>
  <datafield tag="700" ind1=" " ind2=" ">
    <subfield code="a">Cass&#xE1;, Roberto</subfield>
    <subfield code="e">pr&#xF3;logo</subfield>
    <subfield code="9">81564</subfield>
    <subfield code="4">pr.</subfield>
  </datafield>
  <datafield tag="910" ind1=" " ind2=" ">
    <subfield code="a">DG</subfield>
  </datafield>
  <datafield tag="942" ind1=" " ind2=" ">
    <subfield code="2">ddc</subfield>
    <subfield code="c">LBS1</subfield>
  </datafield>
  <datafield tag="952" ind1=" " ind2=" ">
    <subfield code="0">0</subfield>
    <subfield code="1">0</subfield>
    <subfield code="2">ddc</subfield>
    <subfield code="5">1</subfield>
    <subfield code="7">0</subfield>
    <subfield code="8">PD</subfield>
    <subfield code="a">BNPHU</subfield>
    <subfield code="b">BNPHU</subfield>
    <subfield code="c">CT</subfield>
    <subfield code="d">2014-06-02</subfield>
    <subfield code="e">Donado por Chiqui V. / Fidelio D.</subfield>
    <subfield code="l">0</subfield>
    <subfield code="o">BNPHU PD 027.7293 R426m</subfield>
    <subfield code="p">2023-6617</subfield>
    <subfield code="r">2023-10-03</subfield>
    <subfield code="w">2023-10-03</subfield>
    <subfield code="y">LBS1</subfield>
    <subfield code="z">Perteneci&#xF3; a la biblioteca personal de Chiqui Vicioso/Fidelio Despradel</subfield>
  </datafield>
  <datafield tag="952" ind1=" " ind2=" ">
    <subfield code="0">0</subfield>
    <subfield code="1">0</subfield>
    <subfield code="2">ddc</subfield>
    <subfield code="5">1</subfield>
    <subfield code="7">0</subfield>
    <subfield code="8">PD</subfield>
    <subfield code="a">BNPHU</subfield>
    <subfield code="b">BNPHU</subfield>
    <subfield code="c">CT</subfield>
    <subfield code="d">2023-11-22</subfield>
    <subfield code="e">Donado por M&#xF3;nica Despradel</subfield>
    <subfield code="l">0</subfield>
    <subfield code="o">BNPHU PD 027.7293 R426m</subfield>
    <subfield code="p">2025-9838</subfield>
    <subfield code="r">2025-09-09</subfield>
    <subfield code="t">e. 2</subfield>
    <subfield code="w">2025-09-09</subfield>
    <subfield code="y">LBS1</subfield>
  </datafield>
  <datafield tag="952" ind1=" " ind2=" ">
    <subfield code="0">0</subfield>
    <subfield code="1">0</subfield>
    <subfield code="2">ddc</subfield>
    <subfield code="5">6</subfield>
    <subfield code="7">0</subfield>
    <subfield code="8">DS</subfield>
    <subfield code="a">BNPHU</subfield>
    <subfield code="b">BNPHU</subfield>
    <subfield code="c">CT</subfield>
    <subfield code="d">2023-11-22</subfield>
    <subfield code="e">Donado por M&#xF3;nica Despradel</subfield>
    <subfield code="l">0</subfield>
    <subfield code="o">BNPHU DS 027.7293 R426m</subfield>
    <subfield code="p">2025-9839</subfield>
    <subfield code="r">2025-09-09</subfield>
    <subfield code="t">e. 3</subfield>
    <subfield code="w">2025-09-09</subfield>
    <subfield code="y">LBS1</subfield>
  </datafield>
  <datafield tag="999" ind1=" " ind2=" ">
    <subfield code="c">55052</subfield>
    <subfield code="d">55052</subfield>
  </datafield>
</record>
